LEADER 01821nam a2200337 4500 001 000000344575 003 CaOOAMICUS 005 20210303114339.0 008 210301s1965 be a 001 u eng r 040 $aSeMil$bita 100 0 $aPaulus VI,$c.$0(OLS)http://semarc/name/803 245 10$aJamais plus la guerre! :$brelation documentée de la visite de Sa Sainteté le pape Paul 6. à l'Organisation des Nations Unies le 4 octobre 1965. 264 1$aNew York :$bNations Unies ,$c1965. 300 $a112 p. :$bill. ;$c28 cm 500 $aIn mezzo al front.: avec le texte de l'encyclique Pacem in Terris du pape Jean 23. et de la Déclaration universelle des droits de l'homme des Nations Unies 541 0 $aFondo mons. Pasquale Macchi (3A V 271) 650 04$aPaolo VI - Visite.$0(OLS)http://semarc/subject/50042 650 4$aGiovanni XXIII - Encicliche . Pacem in terris.$0(OLS)http://semarc/subject/9203 650 4$aONU - Dichiarazione universale dei diritti umani.$0(OLS)http://semarc/subject/50043 850 $aSeMil 852 $aSeMil$W1$xVenegono$y1$m3A V 271$j224599$B235632$CSeMilBibl$Z2$F235632 $81 900 1 $aMontini, Giovanni Battista,$d<1897-1978>. 900 0 $aPaolo VI$c. 941 1 $a8 961 $aFondo mons. Pasquale Macchi 996 $6245$aJamais plus la guerre! :$brelation documentée de la visite de Sa Sainteté le pape Paul 6. à l'Organisation des Nations Unies le 4 octobre 1965$9(OLS)http://semarc/title/433624 996 $6264$aNew York :$bNations Unies$9(OLS)http://semarc/publisher/59588 996 $6264$a[S.l.] :$b[s.n.]$9(OLS)http://semarc/publisher/0 LEADER 01128nam a2200229 i 4500 001 000000227905 003 CaOOAMICUS 005 20140311000000.0 008 140311s1968 it u000 u eng u 013 $a206807 040 $aSeMil$bita 100 1 $aBenoit, Pierre,$c.$0(OLS)http://semarc/name/878 245 10$aPaul and Qumran :$bstudies in New Testament Exegesis /$cedited by Jérôme Murphy-O'Connor ; [contributi di] Pierre Benoit ... [et al.]. 260 $aLondon :$bGeoffrey Chapman,$c1968. 300 $ax, 254 p. ;$c23 cm. 650 4$aRotuli del Mar Morto - [Relazione con] Nuovo Testamento.$0(OLS)http://semarc/subject/4614 650 4$aPaolo - Studi.$0(OLS)http://semarc/subject/4742 700 1 $aMurphy-O'Connor, Jérôme,$c.$0(OLS)http://semarc/name/17173 850 $aSeMil 852 $aSeMil$W1$xVenegono$y1$m2Y II 216$j178251$B178251$CSeMilBibl$Z2$F189037 $81 996 $6245$aPaul and Qumran :$bstudies in New Testament Exegesis$9(OLS)http://semarc/title/326172 996 $6260$aLondon :$bGeoffrey Chapman$9(OLS)http://semarc/publisher/31372